[Event "Bundesliga 2324"]
[Site "Germany"]
[Date "2024.04.28"]
[Round "15.5"]
[White "Bjerre, Jonas Buhl"]
[Black "Santos Latasa, Jaime"]
[Result "1/2-1/2"]
[WhiteElo "2637"]
[BlackElo "2650"]
[PlyCount "46"]
[EventDate "2023.10.21"]
[EventType "team-tourn"]
[EventRounds "15"]
[EventCountry "GER"]
[SourceTitle "CB18_2024"]
[SourceDate "2024.05.01"]
[SourceVersion "1"]
[SourceVersionDate "2024.05.01"]
[SourceQuality "2"]
[WhiteTeam "Kiel Turm"]
[BlackTeam "Bayern Muenchen"]
[WhiteTeamCountry "GER"]
[BlackTeamCountry "GER"]

1. e4 e6 2. d4 d5 3. Nd2 c5 4. Ngf3 cxd4 5. Nxd4 Nc6 6. Bb5 Bd7 7. Nxc6 bxc6 8. Bd3 Qc7 9. Qe2 Ne7 10. b3 Ng6 11. g3 Bb4 12. Bb2 0-0 13. 0-0 f5 14. exf5 exf5 15. f4 c5 16. c3 Ba5 17. Nf3 Rae8 18. Qd2 Bb6 19. Bc2 Bc6 20. b4 cxb4+ 21. Nd4 bxc3 22. Bxc3 Qd7 23. a4 Ne7 1/2-1/2

[Event "Bundesliga 2324"]
[Site "Germany"]
[Date "2024.04.27"]
[Round "14.6"]
[White "Santos Latasa, Jaime"]
[Black "Nihal, Sarin"]
[Result "1-0"]
[WhiteElo "2650"]
[BlackElo "2694"]
[PlyCount "87"]
[EventDate "2023.10.21"]
[EventType "team-tourn"]
[EventRounds "15"]
[EventCountry "GER"]
[SourceTitle "CB18_2024"]
[SourceDate "2024.05.01"]
[SourceVersion "1"]
[SourceVersionDate "2024.05.01"]
[SourceQuality "2"]
[WhiteTeam "Bayern Muenchen"]
[BlackTeam "Hamburger SK"]
[WhiteTeamCountry "GER"]
[BlackTeamCountry "GER"]

1. e4 c5 2. Nf3 e6 3. d4 cxd4 4. Nxd4 Nc6 5. Nc3 a6 6. Qd3 Nxd4 7. Qxd4 b5 8. Bf4 Bb7 9. 0-0-0 Nf6 10. f3 Rc8 11. Qa7 Bc6 12. Ne2 Nh5 13. Be3 Qc7 14. Qxc7 Rxc7 15. e5 f5 16. Rg1 g6 17. Nd4 Bc5 18. Nxf5 Bxe3+ 19. Nxe3 Ke7 20. Rd4 Rf8 21. Kd2 Rf4 22. Rxf4 Nxf4 23. g3 Nd5 24. f4 Nb6 25. Bd3 Na4 26. b3 Nc5 27. Ng4 d6 28. Re1 a5 29. exd6+ Kxd6 30. Ne5 Be8 31. a3 Ke7 32. Bf1 Rc8 33. Nf3 Rd8+ 34. Ke3 Kf6 35. Nd4 b4 36. axb4 axb4 37. Ra1 e5 38. fxe5+ Kxe5 39. Nf3+ Kf6 40. Ra5 Rc8 41. Nd2 Kg7 42. Bc4 Kh6 43. Nf3 Bd7 44. Ne5 1-0

[Event "Titled Tuesday intern op 16th Apr Early"]
[Site "Chess.com INT"]
[Date "2024.04.16"]
[Round "11"]
[White "Santos Latasa, Jaime"]
[Black "Andreikin, Dmitry"]
[Result "1/2-1/2"]
[WhiteElo "2628"]
[BlackElo "2729"]
[PlyCount "114"]
[EventDate "2024.04.16"]
[EventType "swiss (blitz)"]
[EventRounds "11"]
[EventCountry "USA"]
[SourceTitle "CB17_2024"]
[SourceDate "2024.04.24"]
[SourceVersion "1"]
[SourceVersionDate "2024.04.24"]
[SourceQuality "1"]

1. e4 c5 2. Nf3 e6 3. d4 cxd4 4. Nxd4 Nc6 5. a3 Nf6 6. Nc3 Qc7 7. Be3 Be7 8. g4 d5 9. exd5 Nxd5 10. Nxd5 exd5 11. Nb5 Qe5 12. Qxd5 Qxb2 13. Ra2 Qb1+ 14. Kd2 0-0 15. Bd3 Be6 16. Qe4 Bb4+ 17. axb4 Qxb4+ 18. Qxb4 Nxb4 19. Rb2 Nxd3 20. cxd3 Bxg4 21. Rg1 Bf5 22. Nd6 Bg6 23. Nxb7 a5 24. Ra1 Rfb8 25. Bf4 Re8 26. Rxa5 f6 27. Rxa8 Rxa8 28. Nc5 Ra1 29. Rb8+ Kf7 30. Rb7+ Kg8 31. Ne6 Bf5 32. Nxg7 Ra2+ 33. Ke3 Bg4 34. Ne8 Re2+ 35. Kd4 Rxe8 36. Bh6 Rd8+ 37. Ke3 Rd7 38. Rb6 Kf7 39. f3 Bf5 40. d4 Be6 41. Bf4 Bd5 42. Kf2 Rb7 43. Rd6 Rb5 44. Bd2 Be6 45. Ke3 Rh5 46. Bc3 Bd5 47. h4 Rf5 48. f4 Rh5 49. Be1 Ke7 50. Rb6 Kf7 51. Ra6 Ke7 52. Bb4+ Kf7 53. Be1 Be6 54. Ra7+ Kg6 55. Ra6 Kf7 56. Ra7+ Kg6 57. Ra6 Kf7 1/2-1/2

[Event "Titled Tuesday intern op 16th Apr Late"]
[Site "Chess.com INT"]
[Date "2024.04.16"]
[Round "5"]
[White "Santos Latasa, Jaime"]
[Black "Shankland, Samuel L"]
[Result "1-0"]
[WhiteElo "2628"]
[BlackElo "2671"]
[PlyCount "77"]
[EventDate "2024.04.16"]
[EventType "swiss (blitz)"]
[EventRounds "11"]
[EventCountry "USA"]
[SourceTitle "CB17_2024"]
[SourceDate "2024.04.24"]
[SourceVersion "1"]
[SourceVersionDate "2024.04.24"]
[SourceQuality "1"]

1. Nf3 d5 2. e3 Nf6 3. c4 c6 4. Qc2 g6 5. b3 Bg7 6. Bb2 0-0 7. Be2 Bf5 8. d3 Na6 9. 0-0 Rc8 10. Rd1 Qb6 11. Nbd2 Rfd8 12. a3 h6 13. h3 g5 14. Rab1 Bh7 15. b4 c5 16. b5 Nc7 17. a4 Ne6 18. cxd5 Rxd5 19. Nc4 Qd8 20. Qb3 b6 21. a5 h5 22. axb6 axb6 23. Bxf6 Bxf6 24. Nxb6 c4 25. Nxc4 Nc5 26. Qa2 Ra8 27. Qc2 Nxd3 28. Nb6 Nf4 29. Nxd5 Bxc2 30. Nxf6+ Kg7 31. Rxd8 Nxe2+ 32. Kf1 Rxd8 33. Nxh5+ Kh6 34. Rb2 Bd3 35. Ne5 Nc3+ 36. Ke1 Kxh5 37. Rd2 f6 38. Nxd3 Nxb5 39. Nf4+ 1-0

[Event "Titled Tuesday intern op 16th Apr Early"]
[Site "Chess.com INT"]
[Date "2024.04.16"]
[Round "7"]
[White "Yeletsky, Ivan"]
[Black "Santos Latasa, Jaime"]
[Result "1/2-1/2"]
[WhiteElo "2504"]
[BlackElo "2628"]
[PlyCount "142"]
[EventDate "2024.04.16"]
[EventType "swiss (blitz)"]
[EventRounds "11"]
[EventCountry "USA"]
[SourceTitle "CB17_2024"]
[SourceDate "2024.04.24"]
[SourceVersion "1"]
[SourceVersionDate "2024.04.24"]
[SourceQuality "1"]

1. e4 c5 2. Nf3 Nc6 3. Bb5 e6 4. 0-0 Nge7 5. d4 cxd4 6. Nxd4 a6 7. Nxc6 bxc6 8. Be2 d5 9. c4 d4 10. c5 Ng6 11. Qa4 Qd7 12. b4 Be7 13. Rd1 0-0 14. Na3 e5 15. Nc4 Rb8 16. Na5 f5 17. Nxc6 Kh8 18. b5 Rxb5 19. Bxb5 axb5 20. Qxb5 fxe4 21. Nxd4 exd4 22. Qxd7 Bxd7 23. Rxd4 Bc6 24. Rc4 Ne5 25. Rc2 Ba4 26. Re2 Bxc5 27. Be3 Bd6 28. Bd4 Bc6 29. a4 Ra8 30. a5 Ra6 31. h3 h6 32. Rc2 Kh7 33. Rb1 Ba4 34. Ra2 Bd7 35. Rb6 Bc8 36. Rxd6 Nf3+ 37. gxf3 Rxd6 38. Be5 Rg6+ 39. Bg3 exf3 40. Ra3 Ra6 41. Bc7 Rc6 42. Bb6 Bxh3 43. Rxf3 Rg6+ 44. Kh2 Bg2 45. Ra3 Bb7 46. Rg3 Rxg3 47. Kxg3 Kg6 48. Bd4 Kf7 49. Kf4 g5+ 50. Kg4 Kg6 51. Be3 h5+ 52. Kg3 Kf5 53. f3 h4+ 54. Kf2 g4 55. fxg4+ Kxg4 56. Bb6 Ba8 57. Bc7 Kf5 58. Bb8 h3 59. Bc7 h2 60. Bxh2 Ke6 61. a6 Kd7 62. a7 Kc6 63. Bb8 Kb6 64. Bg3 Bc6 65. Bf4 Kb7 66. Be3 Ka8 67. Bd4 Bb7 68. Be3 Ba6 69. Bd4 Bb7 70. Be3 Ba6 71. Bd4 Bb7 1/2-1/2

[Event "Prague Challengers 6th"]
[Site "Prague"]
[Date "2024.03.07"]
[Round "9"]
[White "Vaishali, Ramesh Babu"]
[Black "Santos Latasa, Jaime"]
[Result "1/2-1/2"]
[WhiteElo "2481"]
[BlackElo "2612"]
[PlyCount "95"]
[EventDate "2024.02.26"]
[EventType "tourn"]
[EventRounds "9"]
[EventCountry "CZE"]
[EventCategory "12"]
[SourceTitle "CB11_2024"]
[SourceDate "2024.03.13"]
[SourceVersion "1"]
[SourceVersionDate "2024.03.13"]
[SourceQuality "1"]

1. e4 c5 2. Nc3 Nc6 3. Nf3 g6 4. Bb5 e5 5. d3 d6 6. 0-0 Bg7 7. Nd5 a6 8. Bc4 h6 9. c3 b5 10. Bb3 Nge7 11. Be3 0-0 12. a4 Rb8 13. axb5 axb5 14. Nxe7+ Nxe7 15. d4 exd4 16. cxd4 c4 17. Bc2 f5 18. d5 fxe4 19. Bxe4 Bf5 20. Qc2 Bxe4 21. Qxe4 Nf5 22. Nd4 Bxd4 23. Bxd4 Re8 24. Qg4 Qg5 25. Qxg5 hxg5 26. Ba7 Rb7 27. Ra6 Ra8 28. Rfa1 b4 29. g4 Ne7 30. Be3 Rxa6 31. Rxa6 b3 32. Bd4 Nxd5 33. Rxd6 Nf4 34. Kf1 Kf7 35. Rc6 Rd7 36. Rxc4 Ke6 37. Ke1 Kd5 38. Ra4 Ke4 39. Be3+ Kf3 40. Bxf4 gxf4 41. Rb4 g5 42. Rxb3+ Kg2 43. f3 Re7+ 44. Kd2 Rd7+ 45. Kc2 Rc7+ 46. Kd2 Rd7+ 47. Kc2 Rc7+ 48. Kd2 1/2-1/2

[Event "Prague Challengers 6th"]
[Site "Prague"]
[Date "2024.03.05"]
[Round "7"]
[White "Santos Latasa, Jaime"]
[Black "Gurel, Ediz"]
[Result "1/2-1/2"]
[WhiteElo "2612"]
[BlackElo "2560"]
[PlyCount "55"]
[EventDate "2024.02.26"]
[EventType "tourn"]
[EventRounds "9"]
[EventCountry "CZE"]
[EventCategory "12"]
[SourceTitle "CB11_2024"]
[SourceDate "2024.03.13"]
[SourceVersion "1"]
[SourceVersionDate "2024.03.13"]
[SourceQuality "1"]

1. c4 c6 2. Nf3 d5 3. e3 Nf6 4. Qc2 e6 5. b3 Bd6 6. Bb2 0-0 7. Be2 Qe7 8. d4 b6 9. 0-0 Bb7 10. Nbd2 Nbd7 11. Ne5 Rac8 12. Bd3 c5 13. Nxd7 Qxd7 14. Qd1 cxd4 15. Bxd4 e5 16. Bb2 Bb8 17. Qe2 dxc4 18. Bxc4 Qf5 19. Rac1 Rfd8 20. Rfd1 h5 21. Nf3 Rxd1+ 22. Rxd1 g5 23. Ne1 g4 24. Bd3 Qe6 25. Bc4 Qf5 26. Bd3 Qe6 27. Bc4 Qf5 28. Bd3 1/2-1/2

[Event "Prague Challengers 6th"]
[Site "Prague"]
[Date "2024.03.04"]
[Round "6"]
[White "Finek, Vaclav"]
[Black "Santos Latasa, Jaime"]
[Result "0-1"]
[WhiteElo "2429"]
[BlackElo "2612"]
[PlyCount "114"]
[EventDate "2024.02.26"]
[EventType "tourn"]
[EventRounds "9"]
[EventCountry "CZE"]
[EventCategory "12"]
[SourceTitle "CB11_2024"]
[SourceDate "2024.03.13"]
[SourceVersion "1"]
[SourceVersionDate "2024.03.13"]
[SourceQuality "1"]

1. d4 Nf6 2. c4 e6 3. Nf3 d5 4. g3 Bb4+ 5. Bd2 Be7 6. Bg2 0-0 7. 0-0 Nbd7 8. Bc3 b6 9. cxd5 exd5 10. Bd2 Bb7 11. Nc3 Re8 12. Bf4 Nf8 13. e3 Ne6 14. Rc1 Bb4 15. h4 h6 16. Be5 Ne4 17. h5 c5 18. dxc5 bxc5 19. Qb3 Bc6 20. Nxe4 dxe4 21. Rfd1 Qa5 22. Nh4 Ng5 23. Bc3 Ba4 24. Bxb4 Qa6 25. Bf1 Bxb3 26. Bxa6 Bxd1 27. Bxc5 Bxh5 28. Nf5 Re6 29. Bc4 Rf6 30. Ne7+ Kh8 31. b4 Bg4 32. Kg2 Bh3+ 33. Kg1 Nf3+ 34. Kh1 Nd2 35. Kg1 Nxc4 36. Rxc4 Ra6 37. Rxe4 Be6 38. Rd4 Rxa2 39. g4 Rc2 40. Bd6 Rd8 41. Nf5 Bxf5 42. gxf5 Rc6 43. Be7 Rxd4 44. exd4 Rc3 45. Kg2 f6 46. f3 Kg8 47. Kg3 h5 48. Kf4 a6 49. Bc5 Kf7 50. Bd6 Ke8 51. Kg3 Rc1 52. Kg2 Kd7 53. Bf8 Rc8 54. Bc5 h4 55. Kh2 Rh8 56. Kh3 Rh5 57. Bf8 Ke8 0-1

[Event "Titled Tuesday intern op 13th Feb Late"]
[Site "Chess.com INT"]
[Date "2024.02.13"]
[Round "10"]
[White "Santos Latasa, Jaime"]
[Black "Korchmar, Vasiliy"]
[Result "1-0"]
[WhiteElo "2612"]
[BlackElo "2438"]
[PlyCount "51"]
[EventDate "2024.02.13"]
[EventType "swiss (blitz)"]
[EventRounds "11"]
[EventCountry "USA"]
[SourceTitle "CB08_2024"]
[SourceDate "2024.02.21"]
[SourceVersion "1"]
[SourceVersionDate "2024.02.21"]
[SourceQuality "1"]

1. Nf3 d5 2. e3 Nf6 3. c4 c6 4. Nc3 e6 5. b3 Bd6 6. Bb2 0-0 7. Be2 a6 8. d4 Nbd7 9. 0-0 b6 10. Bd3 Bb7 11. Re1 Re8 12. Qc2 h6 13. Rad1 Qc7 14. h3 Rad8 15. e4 dxe4 16. Nxe4 Nxe4 17. Bxe4 c5 18. Bxb7 Qxb7 19. d5 exd5 20. Rxe8+ Rxe8 21. Rxd5 Bf8 22. Qd2 Re7 23. Nh4 Nb8 24. Nf5 Re8 25. Bxg7 Bxg7 26. Nd6 1-0

[Event "Chessable Masters Play In"]
[Site "Chess.com INT"]
[Date "2024.01.31"]
[Round "2"]
[White "Lobanov, Sergei"]
[Black "Santos Latasa, Jaime"]
[Result "1/2-1/2"]
[WhiteElo "2502"]
[BlackElo "2615"]
[PlyCount "73"]
[EventDate "2024.01.31"]
[EventType "swiss (rapid)"]
[EventRounds "9"]
[EventCountry "USA"]
[SourceTitle "CB06_2024"]
[SourceDate "2024.02.07"]
[SourceVersion "1"]
[SourceVersionDate "2024.02.07"]
[SourceQuality "1"]

1. d4 Nf6 2. c4 e6 3. Nc3 d5 4. cxd5 exd5 5. Bg5 c6 6. e3 h6 7. Bh4 Be6 8. Bd3 Nbd7 9. Nge2 g5 10. Bg3 Nh5 11. Qc2 Nxg3 12. Nxg3 h5 13. 0-0-0 h4 14. Nf5 Qf6 15. g4 0-0-0 16. h3 Kb8 17. Kb1 Nb6 18. Rc1 Rc8 19. Na4 Nxa4 20. Qxa4 c5 21. dxc5 Bxc5 22. Qb5 a6 23. Qa5 Ba7 24. Qb4 Ka8 25. a3 Bb8 26. Qe7 Be5 27. Qxf6 Bxf6 28. Rxc8+ Rxc8 29. Rc1 Rh8 30. Nd4 Bxd4 31. exd4 Rh6 32. f4 gxf4 33. Rf1 Kb8 34. Rxf4 Kc7 35. Kc1 Kd6 36. Kd2 a5 37. Rf1 1/2-1/2

[Event "Chessable Masters Play In"]
[Site "Chess.com INT"]
[Date "2024.01.31"]
[Round "7"]
[White "Santos Latasa, Jaime"]
[Black "Anton Guijarro, David"]
[Result "0-1"]
[WhiteElo "2615"]
[BlackElo "2670"]
[PlyCount "144"]
[EventDate "2024.01.31"]
[EventType "swiss (rapid)"]
[EventRounds "9"]
[EventCountry "USA"]
[SourceTitle "CB06_2024"]
[SourceDate "2024.02.07"]
[SourceVersion "1"]
[SourceVersionDate "2024.02.07"]
[SourceQuality "1"]

1. d4 d5 2. c4 e6 3. Nc3 Bb4 4. cxd5 exd5 5. Bf4 c5 6. dxc5 Nf6 7. e3 0-0 8. Bd3 Bxc3+ 9. bxc3 Nbd7 10. Bd6 Re8 11. Ne2 Qa5 12. a4 Nxc5 13. Bb5 Ncd7 14. 0-0 a6 15. Bd3 Nc5 16. Bxc5 Qxc5 17. Qb3 Bd7 18. Rfc1 Ng4 19. Nd4 Qc7 20. Nf3 Ne5 21. Nxe5 Rxe5 22. c4 dxc4 23. Qxc4 Qxc4 24. Rxc4 Bc6 25. Rd4 Kf8 26. Rb1 Ke7 27. Kf1 Rd8 28. Rxd8 Kxd8 29. Rb4 Ra5 30. Bc2 Ke7 31. g3 b5 32. axb5 axb5 33. Ke2 Ra2 34. Kd2 Kd6 35. Kc3 Kc5 36. Bxh7 Rxf2 37. Be4 Bxe4 38. Rxe4 Rxh2 39. Re5+ Kc6 40. Re7 Rf2 41. g4 g5 42. e4 Rf4 43. Kd4 b4 44. Re5 b3 45. Rc5+ Kb6 46. Rc3 b2 47. Rb3+ Kc6 48. Rxb2 Rxg4 49. Ke3 Kd6 50. Rb6+ Ke5 51. Rb5+ Kf6 52. Rf5+ Kg6 53. Kf3 Rg1 54. Ra5 Rf1+ 55. Kg3 Rf4 56. Ra4 Kh5 57. Ra7 Kg6 58. e5 Re4 59. Re7 Re3+ 60. Kg4 Ra3 61. Rb7 Ra4+ 62. Kg3 Ra6 63. Kf3 Re6 64. Kf2 Rxe5 65. Kg3 f5 66. Rb4 Re3+ 67. Kf2 Ra3 68. Rc4 g4 69. Kg2 Kg5 70. Rb4 f4 71. Rc4 Ra2+ 72. Kg1 g3 0-1